| 000 | 02337nam0a2200361 i 4500 | ||
|---|---|---|---|
| 001 | RU\NLR\BIBL_A\010015838 | ||
| 005 | 20260607083648.0 | ||
| 010 |
_a9785842406104 _9300 |
||
| 021 |
_aRU _b2013-88564 _96128 |
||
| 035 | _a(NILC)RuMoRGB-006689416 | ||
| 035 | _a(NLR Aleph) 010015838 | ||
| 090 |
_a9876391 _c9876391 |
||
| 100 | _a20131218d2012 m y0rusy50 ca | ||
| 101 | 0 | _arus | |
| 102 | _aRU | ||
| 105 | _aa|||j|||001yy | ||
| 200 | 1 |
_aМеханика материалов и основы конструирования _eучебное пособие для студентов высших учебных заведений, обучающихся по направлению подготовки бакалавров 150100 Материаловедение и технологии материалов _fЕ. В. Пояркова, Л. С. Диньмухаметова _gМ-во образования и науки Российской Федерации, Орский гуманитарно-технологический ин-т (фил.) Федерального гос. бюджетного образовательного учреждения высш. проф. образования "Оренбургский гос. ун-т" |
|
| 210 |
_aОрск _cИзд-во Орского гуманитарно-технологического института _d2012 |
||
| 215 |
_a270 с. _cил., табл. _d21 |
||
| 320 | _aБиблиогр.: с. 258 (10 назв.) | ||
| 606 | 1 |
_aМатериалы _jУчебные издания для высших учебных заведений _xФизико-механические свойства _91515220 _3RU\NLR\AUTH\66658116 |
|
| 606 |
_aПроектно-конструкторские работы _jУчебные издания для высших учебных заведений _3RU\NLR\AUTH\66560614 _91344031 |
||
| 675 | _a620.1(075.8) | ||
| 686 | 1 | _aЖ2я73-1 | |
| 686 | 1 | _aЖ306.2я73-1 | |
| 700 | 1 |
_aПояркова _bЕ. В. _cд-р техн. наук _gЕкатерина Васильевна _9175718 _3RU\NLR\AUTH\770175769 |
|
| 701 | 1 |
_aДиньмухаметова _bЛ. С. _gЛюдмила Сергеевна |
|
| 801 | 0 |
_aRU _bRuMoRKP _c20131031 _gRCR |
|
| 801 | 2 |
_aRU _bРГБ _c20131112 _grcr |
|
| 942 | _cBOOK | ||
| 980 | _aNBR | ||